000 00867nam a2200265 c 4500
003 BLK
005 20180422115339.0
008 180411b bul|||||r ||||||| ||bul||
010 _aKNG00193339000
040 _aBLK
041 _aBUL
_cBUL
080 _aБългарска литература
_b821.163.2
_x-312.6
_z821.163.2-312.6
100 1 _aДинков, Иван
_eпърви автор
_9369707
139 _aДинков, Иван
_bД 62
245 1 0 _aНавътре в камъка
_bАвтобиогр. роман
_cИван Динков.
257 _aBGR
260 София
_bПрофиздат
_c1986
300 _a232 с.
_bс ил.
_c20 см
380 _aX
852 _aЦб 144240
856 4 _qpdf
_u
856 4 _qpdf
_u
942 _cKNG
_n0
944 _aCR
_c17.10.2016
_kТеодора_Стоянова
944 _aED
_c17.10.2016
_kТеодора_Стоянова
999 _c184386
_d184386